With open hands / [por] Henri J.M. Nouwen

Enregistré dans:
Détails bibliographiques
Auteur principal: Nouwen, Henri J.M (autor)
Format: Livre
Sujets:
Tags: Ajouter un tag
Pas de tags, Soyez le premier à ajouter un tag!

MARC

LEADER 00000nam^a2200000^u^4500
001 000545073
005 20250521000000.0
008 060220s1000^^^^^^^^^^^^r^^^^^000^0^spa^d
009 20260310131341.429
035 |a FMI 000014431 
037 |a Acervo Xavier Clavigero 
096 |a 4.3/3/B 
100 |a Nouwen, Henri J.M.  |e (autor) 
245 1 0 |a With open hands / [por] Henri J.M. Nouwen 
264 |a Notre Dame : Ave Maria Press, 1985 
300 |a 158 p. 
336 |a texto  |b txt  |2 rdacontenido 
337 |a sin mediación  |b n  |2 rdamedio 
338 |a volumen  |b nc  |2 rdasoporte 
649 |a XX 
650 |a ORACION 
910 |a Fondo Francisco Migoya Covarrubias S.J. 
920 |a Impresos - Libros 
930 |a Fondos Especiales 
905 |a 134 
901 |a SBC04402  |b IT2  |c ESP  |u 20250521 
902 |a https://opac.biblio.iteso.mx/vufind/Record/000545073